[Event "Senta op-B 14th"]
[Site "Senta"]
[Date "2010.07.20"]
[Round "5"]
[White "Majstorac, Zoran"]
[Black "Petrovic, Milan M"]
[Result "1-0"]
[WhiteElo "2050"]
[BlackElo "1959"]
[PlyCount "71"]
[EventDate "2010.07.17"]
[EventType "swiss"]
[EventRounds "9"]
[EventCountry "YUG"]
[SourceTitle "EXT 2011"]
[Source "ChessBase"]
[SourceDate "2010.11.26"]
[SourceVersion "1"]
[SourceVersionDate "2010.11.26"]
[SourceQuality "1"]

1. e4 c6 2. d4 d5 3. exd5 cxd5 4. c4 Nf6 5. Nc3 Nc6 6. Nf3 g6 7. Be3 Bg7 8. h3 0-0 9. Be2 a6 10. 0-0 dxc4 11. Bxc4 b5 12. Bd3 Bb7 13. Rc1 Nb4 14. Bb1 Nbd5 15. Qe2 Re8 16. Rfd1 Rc8 17. Ne5 Nxc3 18. bxc3 Nd5 19. Bd2 Qd6 20. c4 bxc4 21. Nxc4 Qf6 22. Ne5 Qe6 23. Re1 Rxc1 24. Bxc1 Nc3 25. Qb2 Qd5 26. Nf3 Bxd4 27. Be4 Bxf2+ 28. Qxf2 Nxe4 29. Qh4 Nf6 30. Bb2 Nh5 31. Re5 Qd1+ 32. Re1 Qc2 33. Qd4 Nf6 34. Rxe7 Rxe7 35. Qxf6 Re1+ 36. Nxe1 1-0

[Event "Senta op-A 13th"]
[Site "Senta"]
[Date "2009.07.25"]
[Round "9"]
[White "Nadj, Zoltan"]
[Black "Majstorac, Zoran"]
[Result "1/2-1/2"]
[WhiteElo "2209"]
[BlackElo "2079"]
[PlyCount "48"]
[EventDate "2009.07.18"]
[EventType "swiss"]
[EventRounds "9"]
[EventCountry "YUG"]
[SourceTitle "CBM 131 Extra"]
[Source "ChessBase"]
[SourceDate "2009.09.03"]
[SourceVersion "2"]
[SourceVersionDate "2009.09.16"]
[SourceQuality "1"]

1. d4 d5 2. Nf3 c6 3. e3 Nf6 4. Bd3 Bg4 5. Nbd2 Nbd7 6. 0-0 e6 7. Re1 Be7 8. c4 0-0 9. b3 c5 10. a3 Rc8 11. Bb2 Qc7 12. h3 Bh5 13. Rc1 Qb8 14. Qe2 a6 15. Qf1 Rfd8 16. Ne5 Bg6 17. Nxg6 hxg6 18. Bb1 cxd4 19. exd4 dxc4 20. bxc4 Bd6 21. Nf3 b5 22. c5 Bf4 23. Rcd1 Nd5 24. Qe2 Qb7 1/2-1/2

[Event "Senta op-A 13th"]
[Site "Senta"]
[Date "2009.07.23"]
[Round "7"]
[White "Majstorac, Zoran"]
[Black "Janjusevic, Branislav"]
[Result "1/2-1/2"]
[WhiteElo "2079"]
[BlackElo "2012"]
[PlyCount "92"]
[EventDate "2009.07.18"]
[EventType "swiss"]
[EventRounds "9"]
[EventCountry "YUG"]
[SourceTitle "CBM 131 Extra"]
[Source "ChessBase"]
[SourceDate "2009.09.03"]
[SourceVersion "2"]
[SourceVersionDate "2009.09.16"]
[SourceQuality "1"]

1. e4 d5 2. exd5 Nf6 3. d4 Nxd5 4. c4 Nf6 5. Nc3 e6 6. Be3 c6 7. Be2 Bd6 8. Qc2 0-0 9. h3 Bd7 10. Nf3 Na6 11. c5 Be7 12. Bxa6 bxa6 13. Bf4 Nd5 14. Bg3 f5 15. Be5 Bf6 16. 0-0 Bxe5 17. Nxe5 Be8 18. Rfe1 Nf4 19. Nf3 Bd7 20. Kh2 Qc7 21. Ne5 Ng6 22. Kg1 Be8 23. Nc4 Qe7 24. Nd6 Bd7 25. Qd2 Qf6 26. f4 Rab8 27. b3 Rb5 28. Rad1 Rbb8 29. Na4 Qd8 30. Nb2 Ne7 31. Nbc4 Nd5 32. Re5 Rf6 33. Rf1 Rf8 34. Rf3 Rf6 35. a3 Rg6 36. b4 Rf6 37. Re1 h6 38. Ne5 Rf8 39. Qe2 Nc7 40. Qc4 Kh7 41. Qc2 Kh8 42. Qd2 Be8 43. g4 fxg4 44. hxg4 Nb5 45. Nxb5 axb5 46. Qf2 Qd5 1/2-1/2

[Event "Senta op-A 13th"]
[Site "Senta"]
[Date "2009.07.22"]
[Round "6"]
[White "Stankovic, Darko"]
[Black "Majstorac, Zoran"]
[Result "1/2-1/2"]
[WhiteElo "1942"]
[BlackElo "2079"]
[PlyCount "48"]
[EventDate "2009.07.18"]
[EventType "swiss"]
[EventRounds "9"]
[EventCountry "YUG"]
[SourceTitle "CBM 131 Extra"]
[Source "ChessBase"]
[SourceDate "2009.09.03"]
[SourceVersion "2"]
[SourceVersionDate "2009.09.16"]
[SourceQuality "1"]

1. c4 Nf6 2. Nc3 g6 3. g3 Bg7 4. Bg2 c6 5. e4 d6 6. Nge2 e5 7. 0-0 0-0 8. Kh1 Be6 9. b3 d5 10. Ba3 Re8 11. d3 dxe4 12. dxe4 Qc8 13. Qc2 Bh3 14. Rad1 Bxg2+ 15. Kxg2 Nbd7 16. Rd3 Bf8 17. Bxf8 Kxf8 18. b4 Kg7 19. Rfd1 Nf8 20. f3 Qc7 21. c5 Red8 22. Na4 Ne6 23. Nb2 Rxd3 24. Rxd3 Rd8 1/2-1/2

[Event "Senta op-A 13th"]
[Site "Senta"]
[Date "2009.07.19"]
[Round "2"]
[White "Dumic, Marko"]
[Black "Majstorac, Zoran"]
[Result "1-0"]
[WhiteElo "2222"]
[BlackElo "2079"]
[PlyCount "101"]
[EventDate "2009.07.18"]
[EventType "swiss"]
[EventRounds "9"]
[EventCountry "YUG"]
[SourceTitle "CBM 131 Extra"]
[Source "ChessBase"]
[SourceDate "2009.09.03"]
[SourceVersion "2"]
[SourceVersionDate "2009.09.16"]
[SourceQuality "1"]

1. d4 Nf6 2. c4 e5 3. dxe5 Ng4 4. Nf3 Nc6 5. g3 Bb4+ 6. Bd2 Qe7 7. Bg2 Ngxe5 8. Nxe5 Nxe5 9. 0-0 0-0 10. Nc3 Bxc3 11. Bxc3 d6 12. b3 Rb8 13. h3 b6 14. Qd4 c5 15. Qd2 Bb7 16. Bxb7 Rxb7 17. Rad1 Rd7 18. f4 Nc6 19. Rf3 Re8 20. Kf2 Nd8 21. Re3 Qxe3+ 22. Qxe3 Rxe3 23. Kxe3 f6 24. Kf3 Kf7 25. e4 Ke6 26. g4 Nc6 27. h4 h6 28. Ke3 Rb7 29. Rg1 Re7 30. f5+ Kf7 31. g5 hxg5 32. hxg5 Ne5 33. Rd1 Rd7 34. Bxe5 fxe5 35. Rh1 Rd8 36. Kf3 a6 37. a4 b5 38. axb5 axb5 39. Ra1 Rd7 40. cxb5 Rb7 41. Ra5 g6 42. f6 Ke6 43. Ke2 Rh7 44. b6 Rh2+ 45. Kf1 Rh8 46. Ra7 d5 47. Re7+ Kd6 48. exd5 Kxd5 49. Rg7 e4 50. Rxg6 e3 51. f7 1-0